Max Weber and the idea of economic sociology (Record no. 388751)

000 -LEADER
fixed length control field 00443cam a22001457a 4500
008 - FIXED-LENGTH DATA ELEMENTS--GENERAL INFORMATION
fixed length control field 180718b1998 xxu||||| |||| 00| 0 eng d
020 ## - INTERNATIONAL STANDARD BOOK NUMBER
International Standard Book Number 0691029490
082 ## - DEWEY DECIMAL CLASSIFICATION NUMBER
Classification number T19 Sw32
100 ## - MAIN ENTRY--PERSONAL NAME
Personal name Sewedberg, Richard
245 ## - TITLE STATEMENT
Title Max Weber and the idea of economic sociology
Statement of responsibility, etc. by Richard Swedberg
260 ## - PUBLICATION, DISTRIBUTION, ETC.
Place of publication, distribution, etc. Princeton
Name of publisher, distributor, etc. Princeton Univ. Press
Date of publication, distribution, etc. 1998
300 ## - PHYSICAL DESCRIPTION
Extent 315p.
650 ## - SUBJECT ADDED ENTRY--TOPICAL TERM
Topical term or geographic name entry element Weber, Max, 1864-1920-
650 ## - SUBJECT ADDED ENTRY--TOPICAL TERM
Topical term or geographic name entry element Economics - Solcilogical aspects
Holdings
Withdrawn status Lost status Damaged status Not for loan Permanent Location Current Location Date acquired Full call number Barcode Date last seen Price effective from Koha item type
        Indian Institute of Public Administration Indian Institute of Public Administration 1999-03-22 T19 Sw32 74036 2018-07-21 2018-07-21 Book

Powered by Koha